000 00326 a2200133 4500
000 nam a22 7a 4500
100 _aFoote, Ellen
110 _aFoote, Ellen
245 _aSign Languages and Linguistic Citizenship
250 _aLatest edition
260 _bRoutledge
_c2021
264 _bRoutledge
_c2021
942 _cBK
999 _c394286
_d394286